Flat Stanley and the haunted house / [characters] created by Jeff Brown ; by Lori Haskins Houran ; pictures by Macky Pamintuan.
Stanley can't wait for the Halloween party at school. But when a bully picks on his friend, Stanley saves the day in no time flat in this Flat Stanley I Can Read adventure! The Lambchops are ready to be spooked at a Halloween party! Arthur is excited for the haunted house, and Stanley wants to show off his limbo moves. But when they see a bully picking on their friend at the party, the boys know that they have to help. Soon Stanley comes up with a plan that is flat-out hilarious!
Record details
- ISBN: 9780061430046
- ISBN: 0061430048
- ISBN: 9780061430053
- ISBN: 0061430056
- Physical Description: 29 pages : color illustrations ; 24 cm.
- Publisher: New York, NY : Harper, ©2010.
Content descriptions
| Target Audience Note: | "Ages 4-8." |
Search for related items by subject
| Genre: | Readers (Elementary) Halloween. Juvenile. Picture Books. |
Search for related items by series
Available copies
- 1 of 1 copy available at scottsboropl.
Holds
- 0 current holds with 1 total copy.
Show Only Available Copies
| Location | Call Number / Copy Notes | Barcode | Shelving Location | Status | Due Date |
|---|---|---|---|---|---|
| scottsboropl | BR Fla | 32269000878218 | Juvenile - Beginning Reader | Available | - |
| LDR | 01428cam a2200337 a 4500 | ||
|---|---|---|---|
| 001 | 133325 | ||
| 003 | SBPL | ||
| 005 | 20160621140815.0 | ||
| 008 | 091012s2010 nyua j 000 1 eng d | ||
| 010 | . | ‡a 2009925070 | |
| 020 | . | ‡a9780061430046 ‡q(trade bdg.) | |
| 020 | . | ‡a0061430048 ‡q(trade bdg.) | |
| 020 | . | ‡a9780061430053 ‡q(pb. bdg.) | |
| 020 | . | ‡a0061430056 ‡q(pb. bdg.) | |
| 035 | . | ‡a(CONS)133325 | |
| 035 | . | ‡a(OCoLC)842984731 ‡z(OCoLC)441194594 ‡z(OCoLC)456179843 ‡z(OCoLC)645325637 | |
| 050 | 4. | ‡aPZ | |
| 100 | 1 | . | ‡aBrown, Jeff, ‡d1926-2003. : ‡eauthor |
| 100 | 1 | . | ‡aHaskins, Lori. : ‡eauthor |
| 245 | 1 | 0. | ‡aFlat Stanley and the haunted house / ‡c[characters] created by Jeff Brown ; by Lori Haskins Houran ; pictures by Macky Pamintuan. |
| 260 | . | ‡aNew York, NY : ‡bHarper, ‡c©2010. | |
| 300 | . | ‡a29 pages : ‡bcolor illustrations ; ‡c24 cm. | |
| 490 | 1 | . | ‡aI can read! 2, reading with help |
| 520 | . | ‡aStanley can't wait for the Halloween party at school. But when a bully picks on his friend, Stanley saves the day in no time flat in this Flat Stanley I Can Read adventure! The Lambchops are ready to be spooked at a Halloween party! Arthur is excited for the haunted house, and Stanley wants to show off his limbo moves. But when they see a bully picking on their friend at the party, the boys know that they have to help. Soon Stanley comes up with a plan that is flat-out hilarious! | |
| 521 | . | ‡a"Ages 4-8." | |
| 600 | 1 | 0. | ‡aLambchop, Stanley ‡c(Fictitious character) ‡vJuvenile fiction. |
| 650 | 0. | ‡aBullying ‡vJuvenile fiction. | |
| 650 | 0. | ‡aHaunted houses ‡vJuvenile fiction. | |
| 650 | 0. | ‡aHalloween ‡vJuvenile fiction. | |
| 650 | 0. | ‡aParties ‡vFiction. | |
| 650 | 0. | ‡aFriendship ‡vFiction. | |
| 655 | 7. | ‡aReaders (Elementary) | |
| 655 | 7. | ‡aHalloween. | |
| 655 | 7. | ‡aJuvenile. | |
| 655 | 7. | ‡aPicture Books. | |
| 700 | 1 | . | ‡aBrown, Jeff, ‡d1926-2003. |
| 700 | 1 | . | ‡aPamintuan, Macky,: ‡eillustrator. |
| 830 | 0. | ‡aI can read book. | |
| 901 | . | ‡a133325 ‡bUnknown ‡c133325 ‡tbiblio | |